| 000 | 01226nam a2200229Ia 4500 | ||
|---|---|---|---|
| 003 | Ost | ||
| 005 | 20260507075658.0 | ||
| 008 | 260507s9999||||xx |||||||||||||| ||und|| | ||
| 020 | _a9770307182 | ||
| 040 | _cfsecg | ||
| 041 | _aara | ||
| 082 | _a658.151 | ||
| 100 |
_aمحمود عوف،الكفراوى _eمؤلف |
||
| 245 | 0 |
_a الرقابة المالية : _b النظرية والتطبيق / _cالكفراوى محمود عوف |
|
| 250 | _aطبعة 2 مزيدة و منقحة | ||
| 260 |
_aالاسكندرية: _b, _c2004 |
||
| 300 |
_a416 صفحة؛ _bإيضاحات ؛ _c23 سم |
||
| 504 | _aمراجع ص.405 | ||
| 520 | _aماهية الرقابة المالية و أهدافها و أنواعها و قواعد و أساليب الارقابة ووسائلها و الرقابة المالية في النظم الاقتصادية المعاصرة و كذا في الدول الاسلامية مع تناول نظم الرقابة المالية في جمهورية مصر العربية و أخيرا موضوعات رقابية مثل مكافحة الفساد و الخصحصة في مصر و الرقابة على البيئة . | ||
| 653 | _aالرقابة المالية | ||
| 942 | _cكتاب | ||
| 999 |
_c45751 _d45751 |
||